02041nam a22002537a 450000500170000000800410001702000180005804000070007604100120008308200160009510000250011124500720013626000370020830000260024536500570027152011840032865000290151265000210154165000210156270000260158394200120160999900190162195201470164020250705122715.0250705b |||||||| |||| 00| 0 eng d a9789360451981 cAL aEnglish a659.2bPRAS aAmith prabhu9217481 aShineb: Stories and insights from Indias public relations builders aChennaibWestland businessc2025 a255 p.bPBc22x14 cm. aFQAF-5546b₹320.00c₹d₹320.00e0%f30-06-2025 aTHIRTY PROFILES AND PERSPECTIVES FROM THE BUILDERS OF THE INDIAN PR INDUSTRY. Kiran Ray Chaudhary. Madhavendra Das. Tarun Deo. Nikhil Dey. Deepshika Dharmaraj. Dhrubajyoti Gayan. Veena Gidwani. Santanu Gogoi. Ameer Ismail. Deepak Jolly. Pranav Kumar. Sonya Madeira. Sunayna Malik. Nitin Mantri. Anurag Mittal. Abhilasha Padhy. Pooja Pathak. Udit Pathak. Valerie Pinto. Xavier Prabhu. Sharif Rangnekar. Rekha Rao. Amitabh Saxena. Radhika Shapoorjee. Atul Sharma. Ashwani Singla. Aseem Sood. Rakesh Thukral. Sarvesh Tiwari. Dilip Yadav. These are some of the best-known names in the business of public relations, the builders who laid the ground on which the profession stands today. In Shine: Stories and Insights from Indias Public Relations Builders, editors Amith Prabhu and Sarika Chavan interview thirty senior PR professionals, where they talk about their life, work and methods. Read together, the thirty pieces illuminate how the field of PR consultancy has grown over the years. These tales allow the reader a ringside view of the many ways in which these leaders found their way to the profession—and to success. A must-read for every PR professional and enthusiast.. aPublic relations9217482 aBuilders9217483 abusiness9217484 aChavan,Sarika9217485 2ddccBK c234588d234588 00102ddc40708JRaALbALcSKd2025-07-05eamazon.ing320.00l1o659.2 PRASp077722r2025-07-28 13:24:42s2025-07-16v320.00w2025-06-30yBK